Who Will Cry When You Die? (Record no. 4473)
[ view plain ]
| 000 -LEADER | |
|---|---|
| fixed length control field | 00324nam a2200133Ia 4500 |
| 008 - FIXED-LENGTH DATA ELEMENTS--GENERAL INFORMATION | |
| fixed length control field | 191201s2010 xx 000 0 und d |
| 100 ## - MAIN ENTRY--PERSONAL NAME | |
| Personal name | SHARMA, Robin |
| 245 #0 - TITLE STATEMENT | |
| Title | Who Will Cry When You Die? |
| 250 ## - EDITION STATEMENT | |
| Edition statement | 56th IMP |
| 260 ## - PUBLICATION, DISTRIBUTION, ETC. (IMPRINT) | |
| Place of publication, distribution, etc | N. Delhi |
| Name of publisher, distributor, etc | Jaico Publication House |
| Date of publication, distribution, etc | 2010 |
| 300 ## - PHYSICAL DESCRIPTION | |
| Extent | 225 |
| 650 ## - SUBJECT ADDED ENTRY--TOPICAL TERM | |
| Topical term or geographic name as entry element | BBA |
| 942 ## - ADDED ENTRY ELEMENTS (KOHA) | |
| Source of classification or shelving scheme | Dewey Decimal Classification |
| Koha item type | Text Books |
| Withdrawn status | Lost status | Source of classification or shelving scheme | Damaged status | Not for loan | Collection code | Home library | Current library | Date acquired | Source of acquisition | Cost, normal purchase price | Bill Number | Total Checkouts | Full call number | Acc. no. / Barcode | Date last seen | Date last borrowed | Bill Date | Koha item type | Public note | Checked out |
|---|---|---|---|---|---|---|---|---|---|---|---|---|---|---|---|---|---|---|---|---|
| Dewey Decimal Classification | GENERAL | PIET C-LIBRARY | PIET C-LIBRARY | 26/04/2010 | J B C, New Delhi | 175.00 | SI-4915 | 4 | 158.1 SHW | 15151 | 22/04/2026 | 13/04/2026 | 11/03/2010 | Text Books | Stories and Novels | |||||
| Dewey Decimal Classification | GENERAL | PIET C-LIBRARY | PIET C-LIBRARY | 26/04/2010 | J B C, New Delhi | 175.00 | SI-4915 | 6 | 158.1 SHW | 15152 | 12/09/2024 | 29/08/2024 | 11/03/2010 | Text Books | Stories and Novels | |||||
| Dewey Decimal Classification | GENERAL | PIET C-LIBRARY | PIET C-LIBRARY | 26/04/2010 | J B C, New Delhi | 175.00 | SI-4915 | 8 | 158.1 SHW | 15153 | 28/09/2023 | 14/09/2023 | 11/03/2010 | Text Books | Stories and Novels | |||||
| Dewey Decimal Classification | GENERAL | PIET C-LIBRARY | PIET C-LIBRARY | 26/04/2010 | J B C, New Delhi | 175.00 | SI-4915 | 158.1 SHW | 15154 | 04/12/2019 | 11/03/2010 | Text Books | 28/01/2019 | |||||||
| Dewey Decimal Classification | GENERAL | PIET C-LIBRARY | PIET C-LIBRARY | 26/04/2010 | J B C, New Delhi | 175.00 | SI-4915 | 4 | 158.1 SHW | 15155 | 11/09/2024 | 29/08/2024 | 11/03/2010 | Text Books | Stories and Novels | |||||
| Dewey Decimal Classification | GENERAL | PIET C-LIBRARY | PIET C-LIBRARY | 26/04/2010 | J B C, New Delhi | 175.00 | SI-4915 | 5 | 158.1 SHW | 15156 | 18/11/2024 | 05/11/2024 | 11/03/2010 | Text Books | Motivational |